| 000 | 00860nam a22001337a 4500 | ||
|---|---|---|---|
| 040 | _cRUA | ||
| 082 | _aAVM VOR 2010 B094 Or.1 | ||
| 100 | _aVORNG, KUNTHEA. | ||
| 245 | _aEffect of supplementation of fresh cabbage and shrimp by product in c.p concentrate on growth rate of avian broiler at royal university of agriculture, ឥទ្ធិពលនៃការបន្ថែមស្ពៃក្តោបស្រស់ និងអនុផលបង្កាទៅលើចំណី ស៊ី.ភី លើការលូតលាស់របស់មាន់សាច់ពូជ AVIAN នៅសាកលវិទ្យាល័យភូមិន្ទកសិកម្ម | ||
| 260 |
_aPhnom penh _bRUA _c2010 |
||
| 300 |
_ax; 38p. _bill. _c29cm. |
||
| 856 | _uhttps://drive.google.com/file/d/1vLe6LAfR8wmbYGV3qiVjHq8nSlf0-V3A/view?usp=sharing | ||
| 942 | _cAVM | ||
| 999 |
_c2394 _d2394 |
||